Sports Quiz

Random Sports or NHL Quiz

NHL Top Non-First Round Draft Picks Quiz Stats

 Plays Quiz Updated Dec 18, 2015

Challenge
Share
Tweet
Embed
Score 0/69 Timer 10:00
1 Play Today
Drafted Player % Correct
Round 3Mark Messier
73.6%
Round 2Bobby Clarke
61.3%
Round 2Bryan Trottier
60.3%
Round 6Pavel Datsyuk
55.8%
Round 4Jarri Kurri
55.5%
Round 7Henrik Zetterberg
55.1%
Round 6Brett Hull
54.9%
Round 9Luc Robitaille
54.3%
Round 2Patrik Elias
51.7%
Round 8Theoren Fleury
50.2%
Round 6Daniel Alfredsson
47.4%
Round 3Nicklas Lidstrom
44.6%
Round 4Sergei Fedorov
43.4%
Round 6Kevin Stevens
41.2%
Round 4Mark Recchi
40.9%
Round 4Glenn Anderson
39.9%
Round 2Joe Nieuwendyk
38.8%
Round 6Pavel Bure
37.7%
Round 5Alexander Mogilny
36.3%
Round 8Peter Bondra
36.2%
Round 3Brad Richards
34.5%
Round 7Doug Gilmour
32.3%
Round 2John LeClair
32.2%
Round 4Bernie Nicholls
29.7%
Round 15Dave Taylor
29.4%
Round 2Claude Lemieux
28.2%
Round 2Mark Howe
25.7%
Round 2Chris Chelios
25.5%
Round 4Marc Savard
25.5%
Round 6Steve Larmer
23.4%
Round 2Doug Weight
23.3%
Round 2Larry Robinson
23.2%
Round 4Tony Amonte
22.8%
Round 3Pat Verbeek
22.4%
Round 2Neal Broten
18.7%
Drafted Player % Correct
Round 4Rob Blake
18.7%
Round 9Gary Suter
18.5%
Round 2Dale Hunter
18.2%
Round 2Ray Whitney
18.1%
Round 2Stephane Richer
17.9%
Round 6Rick Tocchet
17.5%
Round 5Thomas Steen
17.3%
Round 3Charlie Simmer
17.2%
Round 4Milan Hejduk
16.2%
Round 2Ziggy Palffy
14.7%
Round 5Butch Goring
13.6%
Round 3Kevin Dineen
13.4%
Round 2Geoff Sanderson
13.2%
Round 3Vyacheslav Kozlov
12.9%
Round 5Sergei Zubov
12.5%
Round 2John Tonelli
11.4%
Round 9Pavol Demitra
11.2%
Round 5Ray Ferraro
10.9%
Round 7Robert Lang
10.8%
Round 2Tomas Sandstrom
10.7%
Round 5Miroslav Satan
10.5%
Round 2Dennis Maruk
10.1%
Round 4John Ogrodnick
10.1%
Round 4Alex Zhamnov
9.8%
Round 7Cliff Ronning
6.2%
Round 2Scott Mellanby
5.5%
Round 9Steve Sullivan
5.2%
Round 2Mike Ribeiro
5.1%
Round 3Mathieu Schneider
4.9%
Round 3Vaclav Prospal
4.7%
Round 2Rick Kehoe
4.6%
Round 2Dave Christian
3.8%
Round 6Peter McNab
3.7%
Round 7Andrew Brunette
3%

You're not logged in!

Compare scores with friends on all Sporcle quizzes.
Join for Free
OR
Log In

You Might Also Like...

Show Comments

Extras

Top Quizzes Today


Score Distribution

Your Account Isn't Verified!

In order to create a playlist on Sporcle, you need to verify the email address you used during registration. Go to your Sporcle Settings to finish the process.

Report this User

Report this user for behavior that violates our Community Guidelines.

Details: